000 00664nam a22001337a 4500
040 _cRUA
082 _aFOR CHI 2015 B544 Or.1
100 _aCHIN KOLYAN; ជិន កល្យាណ
245 _aStudy on red muntjac conservation at phnom tamao zoolodigical park and wildlife rescue center, takeo province; សិក្សាពីការអភិរក្សសត្វឈ្លូសនៅឧទ្យានសួនសត្វ​និងមជ្ឈនណ្ឌលសង្គ្រោះសត្វព្រៃ ភ្នំតាម៉ៅ
260 _aPHNOM PENH
_bCHI
_c2015
300 _aix;40p.
_bill.
_c29cm.
856 _uCHIN KOLYAN
942 _cFOR
999 _c11023
_d11023